| 000 | 01517cam a2200385Mi 4500 | ||
|---|---|---|---|
| 001 | 96415 | ||
| 005 | 20230410132942.0 | ||
| 008 | 090317s2008 sp bi 001 0 spa d | ||
| 035 | _a(OCoLC)ocn630859203 | ||
| 040 |
_aESUDE _bspa _cESUDE _dBTCTA _dYDXCP _dOCLCQ |
||
| 020 | _a9788430947102 | ||
| 020 | _a8430947108 | ||
| 035 |
_a(OCoLC)630859203 _z(OCoLC)317470197 _z(OCoLC)639152138 |
||
| 050 | 1 | 4 |
_aB 2993 _bB515m 2008 |
| 049 | _aGRAL | ||
| 100 | 1 |
_aBerlin, Isaiah, _d1909-1997. |
|
| 245 | 1 | 3 |
_aEl Mago del Norte : _bJ.G. Hamann y el origen del irracionalismo moderno / _cIsaiah Berlin ; editado por Henry Hardy ; traducción castellana, introducción y notas de Juan Bosco Díaz-Urmeneta Muñoz. |
| 250 | _a2a ed. | ||
| 260 |
_aMadrid : _bEditorial Tecnos, _c2008. |
||
| 300 |
_a243 p. ; _c18 cm. |
||
| 440 | 0 | _aCuadernos de Filosofía y Ensayo | |
| 500 | _aTraducido del idioma original: 'The Magus of the Noeth. J. G. Hamann and the origins of Modern Irrationalism. | ||
| 504 | _aIncludes bibliographical references (p. 232-234) and indexes | ||
| 600 | 1 | 0 |
_aHamann, Johann Georg, _d1730-1788. |
| 650 | 4 | _aIrracionalismo (Filosofía) | |
| 650 | 0 |
_aIrrationalism (Philosophy) _xHistory _y18th century. |
|
| 650 | 4 | _aSiglo de las Luces. | |
| 700 | 1 |
_aHardy, Henry, _eed.lit. |
|
| 700 | 1 |
_aDíaz Urmeneta Muñoz, Juan Bosco, _etr. |
|
| 938 |
_aBaker and Taylor _bBTCP _nBK0008262354 |
||
| 938 |
_aYBP Library Services _bYANK _n2987272 |
||
| 942 |
_2lcc _cbk |
||
| 946 | _amjcruz | ||
| 994 |
_aC0 _bDRFGD |
||
| 999 |
_c90762 _d90762 |
||